000 00426nam a2200169Ia 4500
003 OSt
005 20241126110331.0
008 160527b xxu||||| |||| 00| 0 eng d
040 _cgbc
082 _a220.076
_bPAT
100 _aPaton, John I
_91868
245 _aBible question answered /
260 _bGood News Broadcasting Association,
_aUSA:
_c1969
300 _a126p.
653 _aBible - Quiz
942 _e1ST ED
_2ddc
_cBK
_06
999 _c156
_d156